| 000 | 00418nam a22001577a 4500 | ||
|---|---|---|---|
| 003 | LK-CoDNM | ||
| 005 | 20240821100738.0 | ||
| 008 | 240821b |||||||| |||| 00| 0 eng d | ||
| 040 |
_aLK-CoDNM _dLK-CoDNM _eLK-CoDNM |
||
| 080 |
_a7 _bI17 |
||
| 100 | _aMOOKERRJI, RADHAKUMUD | ||
| 245 | _aLOCAL GOVERNMENT IN ANCIENT INDIA | ||
| 260 |
_aCLARENDON PRESS _bOXFORD _c1920 |
||
| 300 | _axviii, 338p. : 25 cm | ||
| 942 | _cBK | ||
| 999 |
_c148574 _d148574 |
||